Science Quiz

Random Science or Biology Quiz

Animals: Eutherian Orders I Quiz Stats

Quiz not verified by Sporcle

Challenge
Share
Tweet
Embed
Score 0/9 Timer 08:00
0 Plays Today
Hint Order % Correct
rats, mice, volesRodentia
91.5%
lemur, gibbon, humanPrimates
85.1%
wolves, bears, catsCarnivora
81.4%
batsChiroptera
77.7%
horses, rhino, tapiersPerissodactyla
77.2%
manatees, dugongsSirenia
74.9%
deer, moose, cowsArtiodactyla
74.1%
colugosDermoptera
64.8%
pangolinsPholidota
62.8%

You're not logged in!

Compare scores with friends on all Sporcle quizzes.
Sign Up with Email
OR
Log In

You Might Also Like...

Show Comments

Extras

Top Quizzes Today


Score Distribution

Your Account Isn't Verified!

In order to create a playlist on Sporcle, you need to verify the email address you used during registration. Go to your Sporcle Settings to finish the process.